• 首页
  • 本馆介绍
  • 公告通知
  • 最新文献
  • 馆藏检索
  • 电子资源
  • 读者导购
  • 参考咨询
  • 我的图书馆
  • 登录
  • 详细信息显示
  • 放入我的书架
  • 预约/预借图书
  • 作者相关作品
  • 分类相关作品
  • 丛书相关作品
  • 出版社相关作品

书目信息

  • 表格格式
  • 工作单格式
  • 卡片格式
题名:
新编常用药物手册
    
 
作者: 胡晋红 主编 ;王卓 编著
分册:  
出版信息: 北京   金盾出版社  2009
页数: 23,956页
开本: 21cm
丛书名:
单 册:
中图分类: R97-62
科图分类:
主题词: 药物--手册 , 药物
电子资源:
ISBN: 978-7-5082-5315-2
000 01047nam0 2200289 45
001 1033037593
005 20100407164944.29
010    @a978-7-5082-5315-2@b精装@dCNY65.00
100    @a20100331d2009 em y0chiy50 ea
101 0  @achi
102    @aCN@b110000
105    @ay z 001yy
106    @ar
200 1  @a新编常用药物手册@AXin Bian Chang Yong Yao Wu Shou Ce@dHandbook of materia medica@f胡晋红主编@FHu Jin Hong Zhu Bian@g王卓编[等]著@zeng
205    @a4版
210    @a北京@c金盾出版社@d2009
215    @a23,956页@d21cm
320    @a有索引(841页-956页)
330    @a本书全面反映了近年来药物的新进展、新品种和新的作用机制。内容翔实科学,叙述简明扼要,介绍深入浅出,为临床医生、药学工作者和其他医务工作者提供了一本更新、更完备药物手册。
510 1  @aHandbook of materia medica@zeng
606 0  @a药物@j手册
606 0  @a药物
690    @aR97-62@v4
701  0 @a胡晋红@AHu Jin Hong@c(女,@f1949~)@4主编
702  0 @a王卓@AWang Zhuo@c(医药学)@4编著
801  0 @aCN@bTANGWEI@c20100407
905    @b0587772-74@dR97-62@e81=4@f3
    
    新编常用药物手册=Handbook of materia medica/胡晋红主编/王卓编[等]著.-4版.-北京:金盾出版社,2009
    23,956页;21cm
    
    
    ISBN 978-7-5082-5315-2(精装):CNY65.00
    本书全面反映了近年来药物的新进展、新品种和新的作用机制。内容翔实科学,叙述简明扼要,介绍深入浅出,为临床医生、药学工作者和其他医务工作者提供了一本更新、更完备药物手册。
●
相关链接 在E读中查询图书 在五车中查询图书 在当当中查询图书 在豆瓣中查询图书


正题名:新编常用药物手册     索取号:R97-62/81=4         预约/预借

序号 登录号 条形码 馆藏地/架位号 状态 备注
1 0587772   205877728   第二样本阅览室/ [索取号:R97-62/81=4] 在馆    
2 0587773   205877737   第三借阅区/ [索取号:R97-62/81=4] 在馆    
3 0587774   205877746   第三借阅区/ [索取号:R97-62/81=4] 在馆    
唐山师范学院图书馆 欢迎您!
大连网信软件有限公司© 版权所有